|
|
|
|
| LEADER |
00000cam a2200000 a 4500 |
| 001 |
vtls008360848 |
| 003 |
SK-MaSNL |
| 005 |
20260311131050.0 |
| 008 |
251001s1960 xo l frn 000 0 slo |
| 015 |
|
|
|a SNBA1960/12-01925
|
| 020 |
|
|
|q (viazané)
|
| 035 |
|
|
|a SK01SNK19600053065
|
| 035 |
|
|
|a urn:nbn:sk:snk-am3itwk
|
| 035 |
|
|
|a 2CB95CCE-ECEC-4B5F-A579-E03231919D2F
|
| 035 |
|
|
|a urn:nbn:sk:snk-am00fj2m
|
| 035 |
|
|
|a SKM000055528
|
| 040 |
|
|
|a SNK
|b slo
|c SNK
|e AACR2
|
| 041 |
1 |
|
|a slo
|h cze
|
| 043 |
|
|
|a e-cs---
|
| 044 |
|
|
|a xo
|c SK
|
| 080 |
|
|
|a 338.43.01
|2 2011
|
| 080 |
|
|
|a (437)
|2 2011
|
| 080 |
|
|
|a (082)
|2 2011
|
| 080 |
|
|
|a 63
|2 2011
|
| 130 |
1 |
|
|a Ekonomika československého zemědelství
|l Slovensky
|9 492022
|
| 245 |
1 |
0 |
|a Ekonomika československého poľnohospodárstva
|b sborník
|c kolektív autorov pod vedením Jaroslava Kabrheľa ; z českého originálu Ekonomika československého zemědelství ... preložili Viera Psotná, Ján Kvietok a Jaroslav Meško
|
| 260 |
|
|
|a Bratislava
|b Slovenské vydavateľstvo politickej literatúry
|c 1960
|e Žilina
|f Pravda
|
| 300 |
|
|
|a 570 strán
|b tabuľky
|c 21 cm
|
| 366 |
|
|
|e 10000 kusov
|
| 504 |
|
|
|a Obsahuje bibliografické odkazy a poznámky
|
| 650 |
0 |
7 |
|a ekonomika poľnohospodárstva
|2 SNKPH
|9 3609
|
| 650 |
0 |
7 |
|a poľnohospodárstvo
|2 SNKPH
|9 679
|
| 651 |
|
7 |
|a Československo
|2 SNKPHgeo
|9 21376
|
| 655 |
|
7 |
|a zborníky
|2 SNKPH
|9 70165
|
| 700 |
1 |
|
|a Kabrhel, Jaroslav,
|d 1922-
|4 aut
|9 5836
|
| 700 |
1 |
|
|a Psotná, Viera
|4 trl
|9 364886
|
| 700 |
1 |
|
|a Kvietok, Ján
|4 trl
|9 272863
|
| 700 |
1 |
|
|a Meško, Jaroslav,
|d 1927-1983
|4 trl
|9 234120
|
| 852 |
|
|
|a Slovenská národná knižnica
|
| 958 |
|
|
|a EUIPO
|
| 958 |
|
|
|a TL
|
| 958 |
|
|
|a NB
|
| 958 |
|
|
|a RK
|
| 958 |
|
|
|a OP
|
| 958 |
|
|
|a CZ
|
| 958 |
|
|
|a OND
|
| 968 |
|
|
|b ČES
|
| 999 |
|
|
|c 762003
|d 763933
|
| 952 |
|
|
|a SNK
|b SNK
|y PREZ
|7 0
|p 17A0843310
|o snkSC 14862
|i snk2020/11267
|8 1
|0 0
|1 0
|4 0
|d 2020-06-16
|f 1
|l 0
|r 2025-07-16 00:00:00
|w 2026-02-24
|